[Event "CRO-chT2 East"]
[Site "Croatia"]
[Date "2005.04.24"]
[Round "6.4"]
[White "Jankovic, Vladimir"]
[Black "Smuk, Zelimir"]
[Result "1/2-1/2"]
[WhiteElo "2043"]
[BlackElo "2164"]
[PlyCount "30"]
[EventDate "2005.03.19"]
[EventType "team"]
[EventRounds "11"]
[EventCountry "CRO"]
[SourceTitle "EXT 2007"]
[Source "ChessBase"]
[SourceDate "2006.11.23"]
[SourceVersion "1"]
[SourceVersionDate "2006.11.23"]
[SourceQuality "1"]

1. e4 c5 2. Nf3 Nc6 3. c4 g6 4. d4 cxd4 5. Nxd4 Bg7 6. Be3 e6 7. Nc3 a6 8. Be2 Nge7 9. 0-0 0-0 10. Nc2 Qa5 11. Bd2 Qc7 12. b4 Nd4 13. Nxd4 Bxd4 14. Qb3 b6 15. Bh6 Bg7 1/2-1/2

[Event "CRO-chT2 East"]
[Site "Croatia"]
[Date "2005.04.23"]
[Round "4.5"]
[White "Jankovic, Vladimir"]
[Black "Markotic, Branimir"]
[Result "1/2-1/2"]
[WhiteElo "2043"]
[BlackElo "2155"]
[PlyCount "36"]
[EventDate "2005.03.19"]
[EventType "team"]
[EventRounds "11"]
[EventCountry "CRO"]
[SourceTitle "EXT 2007"]
[Source "ChessBase"]
[SourceDate "2006.11.23"]
[SourceVersion "1"]
[SourceVersionDate "2006.11.23"]
[SourceQuality "1"]
[WhiteTeam "Donji Miholjac"]
[BlackTeam "Virovitica"]
[WhiteTeamCountry "CRO"]
[BlackTeamCountry "CRO"]

1. e4 c5 2. Nf3 d6 3. c4 e5 4. Nc3 f5 5. d3 Nf6 6. Bg5 Be7 7. g3 0-0 8. Bg2 Nc6 9. exf5 Bxf5 10. Bxf6 Bxf6 11. 0-0 Bg4 12. Qe1 Qd7 13. Nd2 Nd4 14. Qe4 Rab8 15. Nf3 Bf5 16. Qd5+ Be6 17. Qe4 Bf5 18. Qd5+ Be6 1/2-1/2

[Event "CRO-chT2 East"]
[Site "Croatia"]
[Date "2005.03.19"]
[Round "1.6"]
[White "Mutapcic, Damir"]
[Black "Jankovic, Vladimir"]
[Result "1-0"]
[WhiteElo "2119"]
[BlackElo "2043"]
[PlyCount "99"]
[EventDate "2005.03.19"]
[EventType "team"]
[EventRounds "11"]
[EventCountry "CRO"]
[SourceTitle "EXT 2007"]
[Source "ChessBase"]
[SourceDate "2006.11.23"]
[SourceVersion "1"]
[SourceVersionDate "2006.11.23"]
[SourceQuality "1"]
[WhiteTeam "Vukovar 91"]
[BlackTeam "Donji Miholjac"]
[WhiteTeamCountry "CRO"]
[BlackTeamCountry "CRO"]

1. d4 d5 2. Nf3 Nf6 3. Nbd2 e6 4. e3 c5 5. b3 Nc6 6. Bb2 cxd4 7. exd4 Bd7 8. Be2 Bd6 9. 0-0 0-0 10. Ne5 Qa5 11. a3 b5 12. Bd3 Qb6 13. Ndf3 b4 14. a4 Bc8 15. Qe2 a5 16. Nxc6 Qxc6 17. Ne5 Qb6 18. Kh1 Ba6 19. Rad1 Rfc8 20. f4 Ne4 21. f5 Bxd3 22. Rxd3 Bxe5 23. dxe5 exf5 24. Rxf5 Qc5 25. Bd4 Qxc2 26. Qxc2 Rxc2 27. Rdf3 Rc1+ 28. Bg1 Rc7 29. h4 Ra6 30. e6 Nf6 31. exf7+ Kxf7 32. Rxd5 Ke6 33. Rb5 Rc3 34. Bb6 Ng4 35. Bg1 Nf6 36. Kh2 Ne4 37. Re3 Rxe3 38. Bxe3 Nd6 39. Rc5 Ne4 40. Rc7 Rd6 41. Rxg7 Rd3 42. Bb6 Rxb3 43. Bxa5 Nf6 44. g3 Rb2+ 45. Kh3 b3 46. Rb7 Nd7 47. Bc3 Rb1 48. a5 Nc5 49. a6 Rf1 50. a7 1-0

[Event "CRO-chT2 East"]
[Site "Croatia"]
[Date "2005.03.19"]
[Round "2.6"]
[White "Radulovic, Bojan"]
[Black "Jankovic, Vladimir"]
[Result "0-1"]
[WhiteElo "2167"]
[BlackElo "2043"]
[PlyCount "86"]
[EventDate "2005.03.19"]
[EventType "team"]
[EventRounds "11"]
[EventCountry "CRO"]
[SourceTitle "EXT 2007"]
[Source "ChessBase"]
[SourceDate "2006.11.23"]
[SourceVersion "1"]
[SourceVersionDate "2006.11.23"]
[SourceQuality "1"]
[WhiteTeam "Vukovar Slaven"]
[BlackTeam "Donji Miholjac"]
[WhiteTeamCountry "CRO"]
[BlackTeamCountry "CRO"]

1. e4 c6 2. d4 d5 3. Nc3 dxe4 4. Nxe4 Bf5 5. Ng3 Bg6 6. h4 h6 7. h5 Bh7 8. Nf3 Nd7 9. Bd3 Bxd3 10. Qxd3 Ngf6 11. Bd2 e6 12. 0-0-0 Bd6 13. Ne4 Nxe4 14. Qxe4 Nf6 15. Qe2 Qc7 16. Ne5 0-0-0 17. f4 Rhe8 18. g4 c5 19. g5 Ng8 20. dxc5 Bxc5 21. Rh3 Kb8 22. Rc3 Qe7 23. Qb5 Bb6 24. a4 Rd5 25. Qe2 hxg5 26. fxg5 Ba5 27. Bf4 Ka8 28. Rc4 f6 29. Ng6 Qd7 30. Rd3 Rd8 31. h6 gxh6 32. gxf6 Nxf6 33. Be5 Qf7 34. Nf4 Rxd3 35. cxd3 Nd5 36. Qe4 Qg8 37. Qg6 Nxf4 38. Qxg8 Nxd3+ 39. Kc2 Ne1+ 40. Kb1 Rxg8 41. b4 Nf3 42. Bf4 Bb6 43. a5 Bd4 0-1

[Event "CRO-chT U20 13th"]
[Site "Rabac"]
[Date "2004.09.13"]
[Round "9"]
[White "Jankovic, Vladimir"]
[Black "Brenc, Tomislav"]
[Result "1/2-1/2"]
[WhiteElo "2019"]
[BlackElo "1954"]
[PlyCount "43"]
[EventDate "2004.09.05"]
[EventType "team-tourn"]
[EventRounds "9"]
[EventCountry "CRO"]
[SourceTitle "CBM 102 Extra"]
[Source "ChessBase"]
[SourceDate "2004.11.03"]
[SourceVersion "1"]
[SourceVersionDate "2004.11.03"]
[SourceQuality "1"]

1. e4 c5 2. Nf3 a6 3. c4 Nc6 4. Nc3 e6 5. Be2 Qc7 6. 0-0 d6 7. d4 cxd4 8. Nxd4 Bd7 9. b3 Nf6 10. Bb2 Be7 11. Kh1 Rc8 12. f4 0-0 13. Nc2 Rcd8 14. Qe1 Bc8 15. Rd1 b6 16. Qg3 Bb7 17. Ne3 Kh8 18. Rd2 Nb8 19. Rfd1 Nbd7 20. Bd3 Nc5 21. Bb1 Rb8 22. Rd4 1/2-1/2

[Event "CRO-chTA U18"]
[Site "Pula"]
[Date "2002.09.20"]
[Round "?"]
[White "Jerbic, Vedran"]
[Black "Jankovic, Vladimir"]
[Result "1/2-1/2"]
[WhiteElo "2009"]
[BlackElo "2053"]
[PlyCount "60"]
[EventDate "2002.09.16"]
[EventType "team"]
[EventRounds "8"]
[EventCountry "CRO"]
[SourceTitle "CBM 090 Extra"]
[Source "ChessBase"]
[SourceDate "2002.11.07"]
[SourceVersion "1"]
[SourceVersionDate "2002.11.07"]
[SourceQuality "1"]

1. d4 Nf6 2. Nf3 g6 3. g3 Bg7 4. Bg2 0-0 5. 0-0 c6 6. c4 d6 7. Nc3 Na6 8. e4 Bg4 9. h3 Bxf3 10. Bxf3 Qd7 11. Bg2 c5 12. Be3 cxd4 13. Bxd4 Qc8 14. b3 Ne8 15. Nd5 Qd8 16. Re1 e5 17. Bb2 Nac7 18. Ba3 b6 19. Nxc7 Qxc7 20. Re3 Rd8 21. Rd3 Bf6 22. Qd2 Kg7 23. Rd1 Be7 24. f4 f6 25. Rd5 Qc6 26. Kh1 Rf7 27. Rd3 Qc7 28. Bb2 Rc8 29. Ba3 Rd8 30. Bb2 Rc8 1/2-1/2

[Event "CRO-chTA U18"]
[Site "Pula"]
[Date "2002.09.16"]
[Round "?"]
[White "Jankovic, Vladimir"]
[Black "Sipic, Hrvoje"]
[Result "0-1"]
[WhiteElo "2053"]
[BlackElo "2094"]
[PlyCount "90"]
[EventDate "2002.09.16"]
[EventType "team"]
[EventRounds "8"]
[EventCountry "CRO"]
[SourceTitle "CBM 090 Extra"]
[Source "ChessBase"]
[SourceDate "2002.11.07"]
[SourceVersion "1"]
[SourceVersionDate "2002.11.07"]
[SourceQuality "1"]

1. e4 c5 2. Nf3 d6 3. d4 cxd4 4. Nxd4 Nf6 5. Nc3 g6 6. Be3 Bg7 7. f3 Nc6 8. Qd2 0-0 9. Bc4 Bd7 10. 0-0-0 Rc8 11. Bb3 Ne5 12. h4 h5 13. Bg5 Re8 14. g4 hxg4 15. h5 Nxh5 16. f4 Nc4 17. Qd3 b5 18. f5 Rc5 19. Nd5 Rxd5 20. exd5 Bxd4 21. fxg6 Bxb2+ 22. Kb1 Ng7 23. Rh8+ Kxh8 24. gxf7 Nf5 25. fxe8Q+ Qxe8 26. Rh1+ Kg7 27. Qd1 Qg6 28. Qxg4 Bf6 29. Bxc4 Qxg5 30. Be2 Qxg4 31. Bxg4 Kg6 32. Bf3 Kg5 33. Rd1 Kf4 34. Rd3 Nd4 35. Bd1 Bf5 36. Ra3 Ke5 37. Rxa7 Kxd5 38. a4 bxa4 39. Rxa4 e5 40. Kc1 e4 41. c3 Ne6 42. Bb3+ Ke5 43. Ra5+ Nc5 44. Bc2 e3 45. c4 e2 0-1